Cereales. Legumbres, leguminosas y productos proteínicos vegetales

Bibliographic Details
Format: Section = Libro
Language:Undetermined
Spanish
Published: Roma FAO 2009
Subjects:
LEADER 00495nam a2200181Ia 4500
008 240830s9999 xx 000 0 und d
020 |a 978-92-5-305842-6 
040 |a CEDOC FIQ-RUSB / 664 O68l 
041 |a spa 
082 |a 664 O68l 
245 1 0 |a Cereales. Legumbres, leguminosas y productos proteínicos vegetales 
260 |a Roma  |b FAO  |c 2009 
300 |a 115 p. :il 
650 7 |a TECNOLOGIA DE ALIMENTOS 
650 7 |b  ALIMENTOS – PROTEINICOS 
942 |c BK  |2 ddc 
991 |a TEXTO 
999 |c 14125